000
00220nam a2200097Ia 4500
005
20251222114404.0
008
251222s1900||||xx |||||||||||||| ||spa||
082
_a
DVD0070/A72/1997
245
0
_a
MartÃn (Hache)
942
_c
DVD
999
_c
1777
_d
1777